00761 2200265 4500001002100000005001700021008004100038020001800079035002400097040001200121082001100133084001700144100002800161245010200189250001000291260003700301300001900338500004600357650001000403700002000413700001800433850001200451990001600463990001600479YOGYA-0209000000968920160819140612.0 ind  a979-561-068-6 0010-020900000009689 aYOPDYOG a297.46 a297.46 Azz J aAZZAM, Abdullah Shaheed aJihad adab dan hukumannyacAbdullah Azzam ; penerjemah, Mahmood Malawi ; penyunting, Ina Dikarina aCet.3 aJakartabGema Insani Pressc1993 a110 hlmc18 cm aJudul asli: Fill Jihad, aadabu Wa Ahkamuu aJihad aMalawi, Mahmood aDikarina, Ina aYOPDYOG a106951-P/98 a106949-P/98